书目信息 |
| 题名: |
现代视觉媒体美术
|
|
| 作者: | 杨改学 主编 | |
| 分册: | ||
| 出版信息: | 北京 高等教育出版社 2004 |
|
| 页数: | 332页 | |
| 开本: | 23cm | |
| 丛书名: | ||
| 单 册: | ||
| 中图分类: | J-43 | |
| 科图分类: | ||
| 主题词: | 艺术 | |
| 电子资源: | ||
| ISBN: | 7-04-013123-4 | |
| 000 | 00717nam0 2200205 450 | |
| 001 | 0750602083 | |
| 005 | 20070713160930.92 | |
| 010 | @a7-04-013123-4@dCNY32.00 | |
| 100 | @a20070710d2004 km y0chiy0120 ea | |
| 101 | 0 | @achi |
| 102 | @aCN@b110000 | |
| 200 | 1 | @a现代视觉媒体美术@Axian dai shi jue mei ti mei shu@f杨改学主编@Fyang gai xue zhu bian |
| 210 | @a北京@c高等教育出版社@d2004 | |
| 215 | @a332页@c图@d23cm@e光盘1片 | |
| 330 | @a本书共13章,编为三大部分:绪论,包括美术概述、视觉与图像等;美术基础,由美术基础篇和设计基础篇构成;美术应用,由计算机美术篇和电视美术篇构成。 | |
| 606 | 0 | @a艺术 |
| 690 | @aJ-43@v3 | |
| 701 | 0 | @a杨改学@Ayang gai xue@4主编 |
| 801 | 0 | @aCN@bPFT@c20070713 |
| 905 | @a10447@dJ-43@e28 | |
| 现代视觉媒体美术/杨改学主编.-北京:高等教育出版社,2004 |
| 332页:图;23cm+光盘1片 |
| ISBN 7-04-013123-4:CNY32.00 |
| 本书共13章,编为三大部分:绪论,包括美术概述、视觉与图像等;美术基础,由美术基础篇和设计基础篇构成;美术应用,由计算机美术篇和电视美术篇构成。 |
| ● |
| 相关链接 |
|
|
|
|
正题名:现代视觉媒体美术
索取号:J-43/28
 
预约/预借
| 序号 | 登录号 | 条形码 | 馆藏地/架位号 | 状态 | 备注 |
| 1 | 0773598 | 207735986 | 第一样本阅览室/ [索取号:J-43/28] | 在馆 | |
| 2 | 0773599 | 207735995 | 密集书库/ [索取号:J-43/28] | 在馆 | |
| 3 | 0773600 | 207736002 | 密集书库/ [索取号:J-43/28] | 在馆 | |
| 4 | 0773601 | 207736011 | 密集书库/ [索取号:J-43/28] | 在馆 | |
| 5 | 0773602 | 207736020 | 密集书库/ [索取号:J-43/28] | 在馆 | |
| 6 | 0773603 | 207736039 | 库房3/ [索取号:J-43/28] | 在馆 | |
| 7 | 0773604 | 207736048 | 库房3/ [索取号:J-43/28] | 在馆 | |
| 8 | 0773605 | 207736057 | 库房3/ [索取号:J-43/28] | 在馆 | |
| 9 | 0773606 | 207736066 | 库房3/ [索取号:J-43/28] | 在馆 | |
| 10 | 0773607 | 207736075 | 库房3/ [索取号:J-43/28] | 在馆 | |
| 11 | 0773608 | 207736084 | 库房3/ [索取号:J-43/28] | 在馆 | |
| 12 | 0773609 | 207736093 | 库房3/ [索取号:J-43/28] | 在馆 | |
| 13 | 0773610 | 207736100 | 库房3/ [索取号:J-43/28] | 在馆 | |
| 14 | 0773611 | 207736119 | 库房3/ [索取号:J-43/28] | 在馆 | |
| 15 | 0773612 | 207736128 | 库房3/ [索取号:J-43/28] | 在馆 | |
| 16 | 0773613 | 207736137 | 库房3/ [索取号:J-43/28] | 在馆 | |
| 17 | 0773614 | 207736146 | 库房3/ [索取号:J-43/28] | 在馆 | |
| 18 | 0773615 | 207736155 | 库房3/ [索取号:J-43/28] | 在馆 | |
| 19 | 0773616 | 207736164 | 库房3/ [索取号:J-43/28] | 在馆 | |
| 20 | 0773617 | 207736173 | 库房3/ [索取号:J-43/28] | 在馆 | |
| 21 | 0773618 | 207736182 | 库房3/ [索取号:J-43/28] | 在馆 | |
| 22 | 0773619 | 207736191 | 库房3/ [索取号:J-43/28] | 在馆 | |
| 23 | 0773620 | 207736208 | 库房3/ [索取号:J-43/28] | 在馆 | |
| 24 | 0775594 | 207755945 | 密集书库/ [索取号:J-43/28] | 在馆 | |
| 25 | 0778475 | 207784753 | 密集书库/ [索取号:J-43/28] | 在馆 | |
| 26 | 0778683 | 207786831 | 密集书库/ [索取号:J-43/28] | 在馆 | |
| 27 | 0778892 | 207788928 | 密集书库/ [索取号:J-43/28] | 在馆 | |
| 28 | 0779199 | 207791996 | 密集书库/ [索取号:J-43/28] | 在馆 | |
| 29 | 0779885 | 207798855 | 密集书库/ [索取号:J-43/28] | 在馆 |